| 000 | 00730nam a2200217Ii 4500 | ||
|---|---|---|---|
| 003 | JO-AjNU | ||
| 008 | 230605s9999||||xx |||||||||||||| ||und|| | ||
| 017 | _a1997/2243 | ||
| 020 | _a977-212-057-7 | ||
| 040 |
_aJO-AjNU _bara _erda _cJO-AjNU |
||
| 041 | _aara | ||
| 050 | 1 | 4 | _aHB221.W312.2007 |
| 100 | 3 |
_aواتسن،دونالدس/ماري1هولمان؛ترجمة ضياء مجيد, _eauthor _932919 |
|
| 245 | 0 | 0 | _aنظرية السعر واستخداماتها(1) |
| 264 | 3 | 1 | _aالاسكندرية:مؤسسة شيلي الجامعة،2007 |
| 300 | _a315ص | ||
| 336 |
_atext _btxt _2rdacontent |
||
| 337 |
_aunmediated _bn _2rdamedia |
||
| 338 |
_avolume _bnc _2rdacarrier |
||
| 650 | 4 |
_aالتسويق-السعر _932920 |
|
| 999 |
_aA13344 _c16912 _d16912 |
||